000
00311nam a2200133Ia 4500
100
_a
Atthreya/N.H
942
_c
BK
654
_a
winners
245
_a
Winners ways to performance excellence
260
_b
MMC School Of Management
_a
Mumbai
_c
1991
082
_a
658.314
_b
ATT
300
_a
250
546
_a
ENGLISH
999
_c
25628
_d
25628